000 00397nam a2200145Ia 4500
008 191201s2005 xx 000 0 und d
082 _a681.2
_bZHW
100 _aZHAO, Feng
245 0 _aWireless Sensor Networks: An Information Processing Approach
250 _a1st
260 _aN.Delhi
_bMorgam Kaufmann Publishers, Elsevier
_c2005
300 _a358
650 _aB.Tech(ECE)
942 _2ddc
_cBK
999 _c1331
_d1331